000 01021nam a2200253Ia 4500
003 IN-BaIIA
008 211028s9999 xx 000 0 eng d
020 _a0-7354-0112-8
040 _cIIA Library
080 _a524.834 (063)
_bPAR
111 _aTropical Workshop on Practicle Physics and Cosmology
_n3rd
_cUS
_d2002 Aug. 19-23
_927700
245 0 _aParticle physics and cosmology
_bThird tropical workshop on practicle physics and cosmology - neutrinos, branes and cosmology held in San Juan, Puerto Rico, US, 19-23 Aug 2002
_cedited by J. F. Nieves and C. N. Leung
260 _aMelville
_bAmerican Institute of Physics
_c2003
300 _aix, 263p.
490 _aAIP conference proceedings; v. 655
650 _aBranes
_927701
650 _aDark energy
_927702
650 _aLeptogenesis
_927703
650 _aNeutrinos
_91923
700 _aLeung, C. N., ed.
_927704
700 _aNieves, J. F., ed.
_927705
710 _aAmerican Institute of Physics
_92416
942 _cBK
999 _c15141
_d15141